Modern Ethology: the science of animal behavior
Saved in:
| Hovedforfatter: | |
|---|---|
| Format: | Bog |
| Sprog: | engelsk |
| Udgivet: |
Oxford
Oxford University
1981
|
| Fag: | |
| Tags: |
Tilføj Tag
Ingen Tags, Vær først til at tagge denne postø!
|
MARC
| LEADER | 00000nam a2200000 a 4500 | ||
|---|---|---|---|
| 001 | UCT5481 | ||
| 003 | CL-VaPUC | ||
| 005 | 20250226164858.0 | ||
| 008 | 961211e19810000UK |||||||||||||||||eng|d | ||
| 999 | |c 254402 |d 254400 | ||
| 040 | |c Pontificia Universidad Católica de Valparaíso | ||
| 082 | 0 | 4 | |a 591.51 BAR 1981 |2 21 |
| 100 | 0 | |a Barnett, S. A |9 374959 | |
| 245 | 1 | 0 | |a Modern Ethology: the science of animal behavior |
| 260 | 0 | 3 | |a Oxford |b Oxford University |c 1981 |
| 300 | |a 705 páginas | ||
| 583 | |a last modification |c 19961211 00:00:00 |k Rodrigo Vera | ||
| 650 | 7 | |a ETOLOGIA |2 CL-VaPUC |9 269657 | |
| 650 | 7 | |a COMPORTAMIENTO ANIMAL |2 CL-VaPUC |9 334602 | |
| 650 | 0 | |a Animales |9 269820 | |
| 650 | 0 | |a Sociología |9 255410 | |
| 650 | 0 | |a Vida animal |9 336213 | |
| 650 | 7 | |a HOMEOSTASIS |2 CL-VaPUC |9 361693 | |
| 650 | 0 | |a Adaptaciones fisiológicas |9 361696 | |
| 942 | |c BK |2 ddc | ||
| 945 | |d 19961211 00:00:00 |a paguirre | ||
| 952 | |0 0 |1 0 |2 ddc |4 0 |6 591_510000000000000_BAR_1981 |7 0 |8 A |9 276054 |a BIBCUR |b BIBCUR |c PAC |d 2019-11-19 |i 1797255 |o 591.51 BAR 1981 |p 1797255 |r 2025-04-22 |t 1 |w 2019-11-19 |y BK |k BIO | ||